[Event "HUN-chT2 Barcza 0304"]
[Site "Hungary"]
[Date "2003.12.07"]
[Round "5"]
[White "Molnar, Tibor N"]
[Black "Antos, Imre"]
[Result "1-0"]
[WhiteElo "1814"]
[BlackElo "1800"]
[PlyCount "91"]
[EventDate "2003.08.29"]
[EventType "team-tourn"]
[EventRounds "11"]
[EventCountry "HUN"]
[SourceTitle "EXT 2009"]
[Source "ChessBase"]
[SourceDate "2008.11.26"]
[SourceVersion "1"]
[SourceVersionDate "2008.11.26"]
[SourceQuality "1"]
[WhiteTeam "Nadudvar"]
[BlackTeam "Derecske"]
[WhiteTeamCountry "HUN"]
[BlackTeamCountry "HUN"]

1. d4 d5 2. Nf3 Nf6 3. Bf4 Bg4 4. Nbd2 e6 5. c3 Bd6 6. Ne5 Bh5 7. Qb3 b6 8. e3 0-0 9. Bd3 Nfd7 10. Qc2 Bg6 11. Nxg6 fxg6 12. Bg3 Qf6 13. Nf3 Bxg3 14. hxg3 c5 15. Rh4 c4 16. Bf1 Qf5 17. e4 Qf6 18. e5 Qe7 19. Qd2 Rf5 20. Be2 Nc6 21. 0-0-0 Raf8 22. Rdh1 h6 23. Bd1 g5 24. Rh5 g4 25. Rxf5 exf5 26. Ng1 Qf7 27. Ne2 Nd8 28. Nf4 Ne6 29. Nxd5 Nxe5 30. dxe5 Rd8 31. Be2 b5 32. Rd1 Qb7 33. f3 h5 34. Kb1 Kf7 35. Kc1 Nc7 36. Qg5 Rxd5 37. Qxf5+ Kg8 38. Qxh5 Rxd1+ 39. Bxd1 gxf3 40. gxf3 Qb6 41. Qg5 Ne6 42. Qd2 Nc5 43. Qd5+ Kh8 44. Bc2 Qh6+ 45. f4 Qb6 46. Qa8+ 1-0